000
00280nam a22001097a 4500
008
230522b |||||||| |||| 00| 0 eng d
082
_a
294.3
100
_a
Diederik Prakke
245
_a
The madman and the Dutchman;
_b
Tulips for the dragon
300
_a
108 p.
_c
21.5 cm
942
_2
ddc
999
_c
9593
_d
9594